Introduction to machine arithmetic /

Guardado en:
Autor Principal: Stein, Marvin L.
Otros Autores: Munro, William D.
Formato: Libro
Idioma:English
Publicado: Reading, Mass. : Addison-Wesley, c1971.
Etiquetas: Agregar Etiqueta
Sin Etiquetas, Sea el primero en etiquetar este registro!
LEADER 00506nam a22001575 4500
001 MAT.inmabb002065
008 710721s1971####maua##########001#0#eng#d
005 20160808172642.0
245 1 0 |a Introduction to machine arithmetic /  |c Marvin L. Stein, William D. Munro. 
260 |a Reading, Mass. :  |b Addison-Wesley,  |c c1971. 
300 |a viii, 295 p. :  |b il. ;  |c 24 cm. 
100 1 |a Stein, Marvin L. 
700 1 |a Munro, William D. 
084 |a 68  |2 msc2000 
010 |a  78111956  
859 |h 68  |i St819i  |p A-3717  |b BIB. MATEMATICA